000 00213nam a2200085Ia 4500
008 250606s9999 xx 000 0 und d
245 0 _aAnnual Report 2001-2002
260 _aKochi
_bCMFRI,Tatapuram P O
942 _cREP
999 _c294314
_d294314